Gaming Quiz

Random Gaming or Pokémon Quiz

Pokémon World Leaders Tournament: Most Common Pokémon Quiz Stats

 Plays Quiz not verified by Sporcle

Challenge
Share
Tweet
Embed
Score 0/184 Timer 20:00
1 Play Today
Used by # trainers Pokémon % Correct
1Charizard
89.9%
1Dragonite
89.9%
1Blastoise
88.4%
2Gyarados
82.6%
1Venusaur
82.6%
3Golem
81.2%
3Machamp
81.2%
3Raichu
81.2%
2Magmortar
81.2%
2Salamence
81.2%
1Steelix
81.2%
2Arcanine
79.7%
1Infernape
79.7%
2Poliwrath
78.3%
1Empoleon
78.3%
1Pidgeot
78.3%
2Dewgong
76.8%
2Electivire
76.8%
2Gengar
76.8%
2Jolteon
76.8%
2Starmie
76.8%
1Blaziken
76.8%
3Altaria
75.4%
2Aerodactyl
75.4%
2Garchomp
75.4%
2Kingdra
75.4%
2Lapras
75.4%
2Lucario
75.4%
2Serperior
75.4%
1Blissey
75.4%
1Nidoking
75.4%
1Nidoqueen
75.4%
1Onix
75.4%
1Scizor
75.4%
1Torterra
75.4%
2Armaldo
73.9%
2Emboar
73.9%
2Haxorus
73.9%
2Rhyperior
73.9%
2Skarmory
73.9%
1Politoed
73.9%
1Alakazam
73.9%
1Espeon
73.9%
1Hitmonchan
73.9%
1Hitmonlee
73.9%
1Leafeon
73.9%
1Miltank
73.9%
1Ninetales
73.9%
1Rampardos
73.9%
1Wailord
73.9%
3Crobat
72.5%
3Mamoswine
72.5%
2Metagross
72.5%
2Mismagius
72.5%
1Bastiodon
72.5%
1Flareon
72.5%
1Glaceon
72.5%
1Simisage
72.5%
1Torkoal
72.5%
4Magnezone
71%
2Dusknoir
71%
2Flygon
71%
Used by # trainers Pokémon % Correct
2Froslass
71%
2Tangrowth
71%
1Glalie
71%
1Hitmontop
71%
1Simipour
71%
1Simisear
71%
1Weezing
71%
3Electrode
69.6%
3Weavile
69.6%
2Abomasnow
69.6%
2Archeops
69.6%
2Camerupt
69.6%
2Carracosta
69.6%
2Druddigon
69.6%
2Gallade
69.6%
2Samurott
69.6%
1Beartic
69.6%
1Gardevoir
69.6%
1Hydreigon
69.6%
1Kabutops
69.6%
1Tyranitar
69.6%
3Bronzong
68.1%
3Heracross
68.1%
3Xatu
68.1%
2Aggron
68.1%
2Cradily
68.1%
2Stoutland
68.1%
2Walrein
68.1%
1Hariyama
68.1%
1Jynx
68.1%
1Leavanny
68.1%
1Scolipede
68.1%
1Slaking
68.1%
1Solrock
68.1%
1Zebstrika
68.1%
1Lunatone
68.1%
3Rotom
66.7%
2Claydol
66.7%
2Exeggutor
66.7%
2Probopass
66.7%
2Roserade
66.7%
1Medicham
66.7%
1Pinsir
66.7%
1Tauros
66.7%
1Vileplume
66.7%
2Ampharos
65.2%
2Cloyster
65.2%
2Excadrill
65.2%
1Banette
65.2%
1Swellow
65.2%
2Slowking
63.8%
2Toxicroak
63.8%
1Floatzel
63.8%
1Houndoom
63.8%
1Ludicolo
63.8%
1Manectric
63.8%
1Venomoth
63.8%
2Chandelure
62.3%
2Drifblim
62.3%
2Honchkrow
62.3%
1Cryogonal
62.3%
1Emolga
62.3%
Used by # trainers Pokémon % Correct
1Kangaskhan
62.3%
1Staraptor
62.3%
1Vespiquen
62.3%
1Watchog
62.3%
1Yanmega
62.3%
2Ambipom
60.9%
2Krookodile
60.9%
2Quagsire
60.9%
2Relicanth
60.9%
1Conkeldurr
60.9%
1Eelektross
60.9%
1Gliscor
60.9%
1Spiritomb
60.9%
1Tentacruel
60.9%
1Vanilluxe
60.9%
2Luxray
59.4%
2Tropius
59.4%
1Accelgor
59.4%
1Drapion
59.4%
1Gastrodon
59.4%
3Jellicent
58%
2Breloom
58%
2Crawdaunt
58%
2Seismitoad
58%
1Hippowdon
58%
1Swanna
58%
1Whiscash
58%
2Braviary
56.5%
2Jumpluff
56.5%
1Ferrothorn
56.5%
1Porygon-Z
56.5%
2Crustle
55.1%
2Bouffalant
55.1%
2Sawsbuck
55.1%
1Exploud
55.1%
1Golurk
55.1%
1Gothitelle
55.1%
1Scrafty
55.1%
1Lopunny
53.6%
1Mandibuzz
53.6%
1Reuniclus
53.6%
1Ursaring
53.6%
2Forretress
52.2%
1Shuckle
52.2%
2Lickilicky
50.7%
1Azumarill
50.7%
1Mienshao
50.7%
2Lanturn
49.3%
2Sigilyph
49.3%
1Durant
49.3%
1Whimsicott
49.3%
2Cinccino
47.8%
1Amoonguss
47.8%
1Castform
47.8%
1Darmanitan
47.8%
1Garbodor
47.8%
1Heatmor
47.8%
1Stunfisk
47.8%
1Lilligant
44.9%
1Musharna
43.5%

You're not logged in!

Compare scores with friends on all Sporcle quizzes.
OR
Log In

You Might Also Like...

Show Comments

Extras

Top Quizzes Today


Score Distribution

Your Account Isn't Verified!

In order to create a playlist on Sporcle, you need to verify the email address you used during registration. Go to your Sporcle Settings to finish the process.

Report this User

Report this user for behavior that violates our Community Guidelines.

Details: